书目信息 |
| 题名: |
实用无线电技术手册
|
|
| 作者: | 甘为众 编 | |
| 分册: | ||
| 出版信息: | 北京 北京出版社 1983.10 |
|
| 页数: | 653页 | |
| 开本: | 19cm | |
| 丛书名: | ||
| 单 册: | ||
| 中图分类: | TN014 | |
| 科图分类: | ||
| 主题词: | 无线电技术--手册 | |
| 电子资源: | ||
| ISBN: | ||
| 000 | 00750nam0 2200253 45 | |
| 001 | 0188007152 | |
| 005 | 20051227152329.06 | |
| 010 | @dCNY2.20 | |
| 020 | @aCN@b88007152 | |
| 091 | @a15071.50 | |
| 100 | @a19910415d1983 k y0chiy0120 ea | |
| 101 | 0 | @achi |
| 102 | @aCN@b110000 | |
| 102 | @aCN@b110000 | |
| 105 | @af g 000yy | |
| 200 | 10 | @a实用无线电技术手册@Ashi yong wu xian dian ji shu shou ce@f甘为众等编@Fgan wei zhong deng bian |
| 210 | @a北京@c北京出版社@d1983.10 | |
| 215 | @a653页@d19cm | |
| 330 | @a本手册共13章,内容有常用无线电名词、符号及基本公式、半导体器件、低频放大电路等。 | |
| 606 | @a无线电技术@x手册 | |
| 690 | @aTN014@v3 | |
| 701 | 0 | @a甘为众@Agan wei zhong@4编 |
| 801 | 0 | @aCN@bNLC@c20051227 |
| 905 | @dTN014@e16 | |
| 实用无线电技术手册/甘为众等编.-北京:北京出版社,1983.10 |
| 653页;19cm |
| ISBN :CNY2.20 |
| 本手册共13章,内容有常用无线电名词、符号及基本公式、半导体器件、低频放大电路等。 |
| ● |
| 相关链接 |
|
|
|
|
正题名:实用无线电技术手册
索取号:TN014/16
 
预约/预借
| 序号 | 登录号 | 条形码 | 馆藏地/架位号 | 状态 | 备注 |
| 1 | 0108630 | 001348054 | 第三借阅区/ [索取号:TN014/16] | 在馆 | |
| 2 | 0108631 | 001347938 | 密集书库/ [索取号:TN014/16] | 在馆 | |
| 3 | 0108632 | 001348134 | 密集书库/ [索取号:TN014/16] | 在馆 | |
| 4 | 0108633 | 202183298 | 密集书库/ [索取号:TN014/16] | 在馆 | |
| 5 | 0109629 | 001348090 | 密集书库/ [索取号:TN014/16] | 在馆 | |
| 6 | 0203592 | 001347974 | 工具书阅览室/ [索取号:TN014/16] | 在馆 | |
| 7 | 0203953 | 001348018 | 第二样本阅览室/ [索取号:TN014/16] | 在馆 |